| 000 | 01111nam a22003017a 4500 | ||
|---|---|---|---|
| 001 | 4412 | ||
| 003 | FISKH | ||
| 005 | 20240822120013.0 | ||
| 008 | 240821b cb ||||| |||| 00| 0 eng d | ||
| 020 | _a9780763664244 | ||
| 040 |
_aFISKH _beng _cFISKH _dFISKH |
||
| 050 | _aPZ7.M478419 | ||
| 082 | _2813.6 | ||
| 100 |
_aMcDonald, Megan _d1959- |
||
| 245 |
_aStink and the world's worst super-stinky sneakers / _cMegan McDonald illustrated by Peter H.Reynolds |
||
| 250 | _aFirst paperback edition in this format 2013 | ||
| 260 |
_aMassachusetts : _bCandlewick Press, _c2007 |
||
| 300 |
_a131 pages : _billustrations ; _c19 cm |
||
| 505 | _aM | ||
| 520 | _aA class visit to the Gross-Me-Out exhibit at the science museum inspires Stink Moody to create a variety of terrible smells to put on the sneakers he plans to enter in the World's Worst Super-Stinky Sneaker contest. | ||
| 521 | 8 |
_a540
_bLexile |
|
| 521 | 8 |
_aM
_bRaz-Plus |
|
| 600 |
_aFiction _qSchool _vFunny |
||
| 600 |
_aComedy _qFantasy _vSeries |
||
| 700 |
_aH.Reynolds, Peter _eillustrator |
||
| 942 |
_2ddc _cBK _n0 |
||
| 999 |
_c4412 _d4412 |
||